[Event "TCh-HUN 2017-18"]
[Site "Hungary HUN"]
[Date "2017.11.26"]
[Round "2.4"]
[White "Balogh, Csaba"]
[Black "Farkas, Tibor"]
[Result "1-0"]
[BlackTitle "IM"]
[WhiteElo "1394"]
[BlackElo "2315"]
[WhiteTeam "Aquaprofit-NTSK I"]
[BlackTeam "Duocor-Makoi SVSE"]
[WhiteFideId "790877"]
[BlackFideId "933333"]
[EventDate "2017.11.25"]
[EventType "team-tourn"]

1. e4 c5 2. Ne2 d6 3. g3 Nf6 4. Bg2 Nc6 5. O-O Bg4 6. c3 e6 7. h3 Bxe2 8. Qxe2
Be7 9. d3 O-O 10. f4 d5 11. Nd2 b5 12. g4 dxe4 13. Nxe4 Nd5 14. f5 Qd7 15. Bd2
Rad8 16. Rae1 exf5 17. Rxf5 Bh4 18. Ref1 Qe6 19. Be1 Be7 20. Bg3 g6 21. R5f2 f5
22. gxf5 gxf5 23. Rxf5 Rxf5 24. Qg4+ Qg6 25. Qxf5 Ne3 26. Qxg6+ hxg6 27. Rf3 Nf5
28. Bc7 Rd7 29. Bf4 Kg7 30. Bf1 b4 31. Rf2 bxc3 32. bxc3 Rb7 33. Bg2 Rb1+ 34.
Kh2 Rb6 35. Re2 a5 36. Ng3 Nxg3 37. Bxg3 Kf6 38. Bd5 Nd8 39. Bh4+ g5 40. Bxg5+
Kxg5 41. Rxe7 1-0

[Event "TCh-HUN 2017-18"]
[Site "Hungary HUN"]
[Date "2017.11.26"]
[Round "2.5"]
[White "Tatar Kis, Szabolcs"]
[Black "Lenic, Luka"]
[Result "0-1"]
[WhiteTitle "IM"]
[BlackTitle "GM"]
[WhiteElo "2378"]
[BlackElo "2650"]
[WhiteTeam "Duocor-Makoi SVSE"]
[BlackTeam "Aquaprofit-NTSK I"]
[WhiteFideId "702595"]
[BlackFideId "14603853"]
[EventDate "2017.11.25"]
[EventType "team-tourn"]

1. e4 e5 2. Nf3 Nc6 3. Bc4 Bc5 4. c3 Nf6 5. d3 d6 6. O-O a6 7. a4 h6 8. Na3 O-O
9. Nc2 Ne7 10. a5 Ng6 11. Be3 Bxe3 12. Nxe3 c6 13. Re1 Re8 14. Qb3 Qc7 15. h3
Nf4 16. Qa2 Re7 17. Rad1 Bd7 18. b4 Rd8 19. Bb3 d5 20. Qc2 Be6 21. exd5 cxd5 22.
d4 e4 23. Ne5 Nd7 24. Nxd7 Qxd7 25. Kh2 Bxh3 26. Nxd5 Nxd5 27. gxh3 Qc7+ 28. Kh1
Qxc3 29. Qxc3 Nxc3 30. Rd2 Nb5 31. d5 Nd6 32. Rde2 Rc7 33. Kh2 Rdc8 34. Re3 Rc3
35. Kg2 Kf8 36. f3 Nf5 0-1

[Event "TCh-HUN 2017-18"]
[Site "Hungary HUN"]
[Date "2017.11.26"]
[Round "2.6"]
[White "Erdos, Viktor"]
[Black "Hajnal, Zoltan"]
[Result "1/2-1/2"]
[WhiteTitle "GM"]
[BlackTitle "IM"]
[WhiteElo "2622"]
[BlackElo "2370"]
[WhiteTeam "Aquaprofit-NTSK I"]
[BlackTeam "Duocor-Makoi SVSE"]
[WhiteFideId "719978"]
[BlackFideId "717754"]
[EventDate "2017.11.25"]
[EventType "team-tourn"]

1. Nf3 d5 2. e3 Nf6 3. c4 c6 4. Nc3 Bf5 5. cxd5 cxd5 6. Qb3 Bc8 7. d4 Nc6 8. Bd3
e6 9. O-O Be7 10. Bd2 O-O 11. Rac1 Bd7 12. Ne5 Nxe5 13. dxe5 Ng4 14. f4 Bc5 15.
Nd1 Bb6 16. h3 Nh6 17. Bb4 Re8 18. Bc5 f6 19. Bxb6 axb6 20. exf6 Qxf6 21. Qxb6
Bc6 22. a3 Nf5 23. Bb5 Bxb5 24. Qxb5 Rec8 25. Rxc8+ Rxc8 26. Qd7 Rc6 27. Qxb7
Rc2 28. Qb8+ Kf7 29. Qb7+ Kg8 30. Qb8+ Kf7 31. Qb7+ 1/2-1/2

[Event "TCh-HUN 2017-18"]
[Site "Hungary HUN"]
[Date "2017.11.26"]
[Round "2.7"]
[White "Saric, Sinisa"]
[Black "Markus, Robert"]
[Result "1/2-1/2"]
[WhiteTitle "IM"]
[BlackTitle "GM"]
[WhiteElo "2396"]
[BlackElo "2630"]
[WhiteTeam "Duocor-Makoi SVSE"]
[BlackTeam "Aquaprofit-NTSK I"]
[WhiteFideId "925071"]
[BlackFideId "921637"]
[EventDate "2017.11.25"]
[EventType "team-tourn"]

1. d4 Nf6 2. c4 d6 3. Nf3 g6 4. Nc3 Bf5 5. Ng5 Bd7 6. e4 e5 7. d5 Bg7 8. Be2 a5
9. h4 h6 10. Nh3 Na6 11. h5 g5 12. Ng1 Nc5 13. Qc2 c6 14. Be3 cxd5 15. cxd5 Rc8
16. f3 a4 17. Qd2 O-O 18. g4 b5 19. Bxb5 Ncxe4 20. fxe4 Rxc3 21. Bxd7 Nxe4 22.
Qe2 Ng3 23. Qf3 Qa5 24. bxc3 Qxc3+ 25. Kf2 Nxh1+ 26. Kg2 Qxa1 27. Qe2 e4 28.
Bxa4 Bd4 29. Kxh1 Bxe3 30. Qxe3 Qxa2 31. Qxe4 Rb8 32. Bd1 Rb2 33. Be2 Rd2 34.
Kg2 Kg7 35. Kf2 Rxd5 36. Nf3 Qa7+ 37. Kg3 Qc5 38. Bd3 Kf8 39. Kh3 Qa5 40. Kg3
Qc5 41. Bc2 Qa5 42. Bd3 Qc5 43. Bc2 Qa5 1/2-1/2

[Event "TCh-HUN 2017-18"]
[Site "Hungary HUN"]
[Date "2017.11.26"]
[Round "2.8"]
[White "Banusz, Tamas"]
[Black "Nadj Hedjesi, Balind"]
[Result "1-0"]
[WhiteTitle "GM"]
[BlackTitle "IM"]
[WhiteElo "2616"]
[BlackElo "2311"]
[WhiteTeam "Aquaprofit-NTSK I"]
[BlackTeam "Duocor-Makoi SVSE"]
[WhiteFideId "722413"]
[BlackFideId "934003"]
[EventDate "2017.11.25"]
[EventType "team-tourn"]

1. Nf3 c5 2. c4 Nf6 3. Nc3 e6 4. g3 b6 5. Bg2 Bb7 6. O-O a6 7. d4 cxd4 8. Qxd4
Nc6 9. Qf4 Ne7 10. b3 Ng6 11. Qd2 Bb4 12. Bb2 d5 13. cxd5 Rc8 14. Qd3 O-O 15.
Rfd1 Nxd5 16. Nxd5 Qxd5 17. Qe3 Qe4 18. Qxe4 Bxe4 19. Rd4 Bxf3 20. Bxf3 a5 21.
Be4 f5 22. Bd3 Ne5 23. Ba6 Rc5 24. Rd6 Ng4 25. Rxe6 f4 26. Bd4 Rh5 27. Rxb6 fxg3
28. hxg3 Rd8 29. Bc4+ Kh8 30. Rb7 Rg5 31. f4 Bc5 32. Bxc5 Rxc5 33. Bd3 h5 34. a4
Rc3 35. b4 axb4 36. a5 Ra3 37. Rxa3 bxa3 38. Rb3 a2 39. Ra3 h4 40. gxh4 Rd4 41.
a6 1-0

[Event "TCh-HUN 2017-18"]
[Site "Hungary HUN"]
[Date "2017.11.26"]
[Round "2.9"]
[White "Horvath, Zsolt"]
[Black "Medvegy, Zoltan"]
[Result "1-0"]
[WhiteTitle "FM"]
[BlackTitle "GM"]
[WhiteElo "2381"]
[BlackElo "2539"]
[WhiteTeam "Duocor-Makoi SVSE"]
[BlackTeam "Aquaprofit-NTSK I"]
[WhiteFideId "723070"]
[BlackFideId "708402"]
[EventDate "2017.11.25"]
[EventType "team-tourn"]

1. e4 c5 2. Nf3 e6 3. g3 Nc6 4. Bg2 Nf6 5. Qe2 d5 6. exd5 Nxd5 7. O-O Be7 8. Rd1
O-O 9. d4 cxd4 10. Nxd4 Nxd4 11. Rxd4 Bf6 12. Rd1 Qc7 13. c4 Nb6 14. Na3 a6 15.
Bf4 e5 16. Be3 Be6 17. c5 Nc8 18. Nc4 Ne7 19. Nd6 Rab8 20. Ne4 Nf5 21. Nxf6+
gxf6 22. Be4 Nxe3 23. Qxe3 Kg7 24. b4 Rfd8 25. a3 Rd7 26. Qf3 Qc8 27. Rxd7 Bxd7
28. Qd3 Bc6 29. Rd1 Qg4 30. f3 Bxe4 31. Qxe4 Qg5 32. Kg2 a5 33. h4 Qh6 34. Rd7
Qc1 35. Qg4+ Kh8 36. Qf5 Kg7 37. h5 axb4 38. axb4 Ra8 39. Rd6 Qh6 40. Kh3 Re8
41. b5 e4 42. fxe4 Re5 43. Qxe5 1-0

[Event "TCh-HUN 2017-18"]
[Site "Hungary HUN"]
[Date "2017.11.26"]
[Round "2.10"]
[White "Ribli, Zoltan"]
[Black "Szalai, Kornel"]
[Result "1-0"]
[WhiteTitle "GM"]
[BlackTitle "IM"]
[WhiteElo "2526"]
[BlackElo "2397"]
[WhiteTeam "Aquaprofit-NTSK I"]
[BlackTeam "Duocor-Makoi SVSE"]
[WhiteFideId "700010"]
[BlackFideId "724378"]
[EventDate "2017.11.25"]
[EventType "team-tourn"]

1. Nf3 c5 2. c4 g6 3. e4 Bg7 4. d4 cxd4 5. Nxd4 Nc6 6. Be3 Nf6 7. Nc3 Ng4 8.
Qxg4 Nxd4 9. Qd1 Ne6 10. Rc1 d6 11. Be2 Bd7 12. Qd2 Bc6 13. b4 O-O 14. O-O a5
15. b5 Bd7 16. Na4 Rc8 17. Rfd1 f5 18. exf5 gxf5 19. f4 Qe8 20. Bf3 Nd8 21. Nb6
Rb8 22. a4 Nf7 23. c5 e5 24. cxd6 exf4 25. Bxf4 1-0

[Event "TCh-HUN 2017-18"]
[Site "Hungary HUN"]
[Date "2017.11.26"]
[Round "2.11"]
[White "Kecskemeti, Arpad"]
[Black "Kantor, Gergely"]
[Result "0-1"]
[BlackTitle "IM"]
[WhiteElo "2216"]
[BlackElo "2514"]
[WhiteTeam "Duocor-Makoi SVSE"]
[BlackTeam "Aquaprofit-NTSK I"]
[WhiteFideId "925322"]
[BlackFideId "751499"]
[EventDate "2017.11.25"]
[EventType "team-tourn"]

1. e4 e5 2. Nf3 Nc6 3. Bb5 a6 4. Ba4 Nf6 5. O-O Be7 6. Re1 b5 7. Bb3 d6 8. c3
O-O 9. d4 Bg4 10. Be3 Bh5 11. Nbd2 Na5 12. Bc2 exd4 13. cxd4 c5 14. h3 cxd4 15.
Bxd4 Nc6 16. Be3 d5 17. exd5 Nxd5 18. Ne4 Nxe3 19. Rxe3 Qb6 20. Qd3 Kh8 21. g4
Bg6 22. Qe2 Rad8 23. Rd1 Rxd1+ 24. Bxd1 h6 25. Bb3 f5 26. Nc3 fxg4 27. hxg4 Bc5
28. Nd5 Qb8 29. Nh4 Bh7 30. Rf3 Nd4 31. Rxf8+ Qxf8 32. Qf1 Nxb3 33. axb3 Qd8 34.
b4 Bf8 35. Qc1 Qxd5 0-1

[Event "TCh-HUN 2017-18"]
[Site "Hungary HUN"]
[Date "2017.11.26"]
[Round "2.12"]
[White "Gara, Ticia"]
[Black "Juhasz, Barbara"]
[Result "1-0"]
[WhiteTitle "WGM"]
[BlackTitle "WFM"]
[WhiteElo "2317"]
[BlackElo "2190"]
[WhiteTeam "Aquaprofit-NTSK I"]
[BlackTeam "Duocor-Makoi SVSE"]
[WhiteFideId "717444"]
[BlackFideId "743585"]
[EventDate "2017.11.25"]
[EventType "team-tourn"]

1. Nf3 Nf6 2. c4 g6 3. g3 Bg7 4. Bg2 O-O 5. Nc3 d6 6. d4 Nbd7 7. O-O e5 8. e4
exd4 9. Nxd4 Re8 10. h3 a6 11. Be3 Rb8 12. b3 c5 13. Nde2 b5 14. Qxd6 b4 15. Na4
Nxe4 16. Bxe4 Bxa1 17. Rxa1 Rxe4 18. Nxc5 Re8 19. Rd1 Qe7 20. Qxe7 Rxe7 21. Nf4
Nxc5 22. Bxc5 Re8 23. Nd5 Kg7 24. Bd4+ Kf8 25. Nf6 Re2 26. Ba7 Ra8 27. Rd8+ Ke7
28. Re8+ Kxf6 29. Bd4+ Kg5 30. f4+ Kh5 31. Rxe2 Bxh3 32. Bf6 Be6 33. Kf2 Kg4 34.
Re5 a5 35. Bh4 a4 36. Rg5+ Kh3 37. Rb5 axb3 38. axb3 Ra2+ 39. Ke3 h6 40. Rxb4 g5
41. fxg5 hxg5 42. Bxg5 Kxg3 43. Bf6 Ra5 44. Rb8 Bg4 45. Kd4 Kf4 46. b4 Ra2 47.
b5 Rc2 48. c5 Be6 49. Be5+ Kf5 50. Bd6 Ba2 51. Ra8 Rd2+ 52. Kc3 Bd5 53. Re8 Rd1
54. Re5+ Kg4 55. Rxd5 Rxd5 56. b6 1-0

[Event "TCh-HUN 2017-18"]
[Site "Hungary HUN"]
[Date "2017.11.26"]
[Round "2.1"]
[White "Kallai, Gabor"]
[Black "Gledura, Benjamin"]
[Result "1/2-1/2"]
[WhiteTitle "GM"]
[BlackTitle "GM"]
[WhiteElo "2475"]
[BlackElo "2605"]
[WhiteTeam "MTK Budapest"]
[BlackTeam "HUSI SC"]
[WhiteFideId "700282"]
[BlackFideId "712779"]
[EventDate "2017.11.25"]
[EventType "team-tourn"]

1. d4 Nf6 2. c4 d6 3. Nc3 Nbd7 4. e4 e5 5. Nf3 g6 6. Be2 Bg7 7. O-O O-O 8. Be3
Qe7 9. dxe5 dxe5 10. Nd5 Qd8 11. Qc2 Ng4 12. Bg5 f6 13. Bd2 c6 14. Ne3 Nc5 15.
h3 Nxe3 16. Bxe3 Qe7 17. b4 Ne6 18. c5 a5 19. a3 f5 20. Bc4 Kh8 21. Rad1 axb4
22. axb4 fxe4 23. Nd2 Nd4 24. Bxd4 exd4 25. Nxe4 Bf5 26. Bd3 Ra3 27. Rfe1 Qh4
28. Ng3 Bxd3 29. Rxd3 Rc3 30. Qe2 Qf4 31. Ne4 Rxd3 32. Qxd3 Re8 33. g3 Qf5 34.
Kg2 Qd5 35. Re2 Rb8 36. Kh2 b6 37. cxb6 Rxb6 38. Nc5 Rb8 39. Re4 Qa2 40. Qf3 Qd5
41. Qe2 Rf8 42. h4 Kg8 43. Nd3 Qf5 44. Nf4 Qb5 45. Nd3 Qf5 46. Nf4 Qb5 47. Nd3 1/2-1/2

[Event "TCh-HUN 2017-18"]
[Site "Hungary HUN"]
[Date "2017.11.26"]
[Round "2.2"]
[White "Pinter, Jozsef"]
[Black "Juhasz, Armin"]
[Result "1-0"]
[WhiteTitle "GM"]
[BlackTitle "IM"]
[WhiteElo "2539"]
[BlackElo "2369"]
[WhiteTeam "HUSI SC"]
[BlackTeam "MTK Budapest"]
[WhiteFideId "700045"]
[BlackFideId "724270"]
[EventDate "2017.11.25"]
[EventType "team-tourn"]

1. Nf3 c5 2. c4 g6 3. Nc3 Bg7 4. e3 Nf6 5. d4 cxd4 6. exd4 d5 7. Bg5 Ne4 8. cxd5
Nxg5 9. Nxg5 O-O 10. Qd2 Bh6 11. f4 Qd6 12. Bc4 a6 13. O-O b5 14. Bb3 Nd7 15.
Rae1 Nf6 16. Re5 Ng4 17. Re2 Ra7 18. h3 Nf6 19. Re5 Bg7 20. Rfe1 Nh5 21. g4 Nxf4
22. Qxf4 f6 23. Qe3 Bh6 24. Nce4 Qd8 25. d6+ e6 26. d5 fxe5 27. dxe6 Re7 28. Qc5
Bxg5 29. Nxg5 1-0

[Event "TCh-HUN 2017-18"]
[Site "Hungary HUN"]
[Date "2017.11.26"]
[Round "2.3"]
[White "Reinhart, Emmanuel"]
[Black "Havasi, Gergo"]
[Result "1-0"]
[WhiteTitle "FM"]
[BlackTitle "IM"]
[WhiteElo "2401"]
[BlackElo "2377"]
[WhiteTeam "MTK Budapest"]
[BlackTeam "HUSI SC"]
[WhiteFideId "619400"]
[BlackFideId "760293"]
[EventDate "2017.11.25"]
[EventType "team-tourn"]

1. e4 e5 2. Nf3 Nc6 3. Bb5 a6 4. Ba4 Nf6 5. O-O Be7 6. Re1 b5 7. Bb3 O-O 8. h3
d6 9. c3 Na5 10. Bc2 c5 11. d3 Bb7 12. Nbd2 Nd7 13. Nf1 f5 14. Ne3 f4 15. Nd5
Nb6 16. b4 cxb4 17. Nxe7+ Qxe7 18. cxb4 Nc6 19. a3 Kh8 20. Bb2 a5 21. bxa5 Rxa5
22. Bc3 Ra6 23. d4 Rfa8 24. Bb3 Na4 25. Bd2 Nb6 26. Bd5 Ra4 27. Bxc6 Bxc6 28.
Bb4 Qf6 29. Rc1 Be8 30. dxe5 dxe5 31. Rc5 Bh5 32. Rxb5 Nc8 33. Rd5 Ne7 34. Rd6
Qf8 35. Rd7 Rxb4 36. axb4 Ng6 37. Qd6 Bxf3 38. gxf3 Qg8 39. Rd1 Nh4 40. Rd8
Nxf3+ 41. Kf1 Rxd8 42. Qxd8 Nd4 43. Qxg8+ Kxg8 44. Rxd4 1-0

[Event "TCh-HUN 2017-18"]
[Site "Hungary HUN"]
[Date "2017.11.26"]
[Round "2.4"]
[White "Stankovic, Milos"]
[Black "Marosi, Levente"]
[Result "1/2-1/2"]
[WhiteTitle "IM"]
[BlackTitle "FM"]
[WhiteElo "2396"]
[BlackElo "2293"]
[WhiteTeam "HUSI SC"]
[BlackTeam "MTK Budapest"]
[WhiteFideId "938190"]
[BlackFideId "747181"]
[EventDate "2017.11.25"]
[EventType "team-tourn"]

1. e4 c6 2. d4 d5 3. exd5 cxd5 4. Bf4 Nc6 5. c3 Bf5 6. Nd2 e6 7. Ngf3 Bd6 8.
Bxd6 Qxd6 9. Nh4 Bg6 10. Be2 Nf6 11. O-O a6 12. Re1 Be4 13. Nhf3 Bxf3 14. Bxf3
O-O 15. Nb3 Qc7 16. g3 Na5 17. Nc5 Nc4 18. Re2 Nd7 19. Nd3 b5 20. Qc2 Rfc8 21.
Rae1 1/2-1/2

[Event "TCh-HUN 2017-18"]
[Site "Hungary HUN"]
[Date "2017.11.26"]
[Round "2.5"]
[White "Juhasz, Kristof"]
[Black "Savic, Miodrag R"]
[Result "0-1"]
[BlackTitle "GM"]
[WhiteElo "1605"]
[BlackElo "2511"]
[WhiteTeam "Aquarena Kobanya SC"]
[BlackTeam "HUSI SC"]
[WhiteFideId "764507"]
[BlackFideId "920479"]
[EventDate "2017.11.25"]
[EventType "team-tourn"]

1. d4 Nf6 2. Nf3 e6 3. g3 b5 4. Bg2 Bb7 5. O-O Be7 6. Bg5 d6 7. Qd3 a6 8. Nbd2
Nbd7 9. c3 c5 10. a4 c4 11. Qc2 O-O 12. Bxf6 Nxf6 13. e4 Nd7 14. Rfe1 Nb6 15.
axb5 axb5 16. e5 d5 17. b4 cxb3 18. Qxb3 Bc6 19. Bf1 Nc4 20. Bd3 h6 21. Qc2 Ra3
22. Nxc4 bxc4 23. Be2 Qa5 24. Rxa3 Qxa3 25. Rb1 Bd8 26. Qc1 Qxc1+ 27. Rxc1 Ba5
28. Kf1 Rb8 29. Bd1 Rb2 30. Ng1 f6 31. Ne2 Ra2 32. f4 Be8 33. f5 fxe5 34. fxe6
Bg6 35. dxe5 Bd3 36. Ke1 Bb6 37. Nd4 Be4 38. Be2 Kf8 39. Kf2 Bd3 40. Kf3 Bxd4
41. Bxd3 Rf2+ 42. Kg4 Be3 43. Re1 Bd2 44. Re2 Rxe2 45. Bxe2 Ke7 46. Kf5 Bxc3 47.
h4 g6+ 48. Kxg6 Kxe6 49. Kxh6 Be1 50. Kg5 Bxg3 51. Kg4 Be1 52. h5 Bd2 53. Kf3
Kxe5 54. Bf1 Bh6 55. Bh3 c3 56. Bf1 0-1

[Event "TCh-HUN 2017-18"]
[Site "Hungary HUN"]
[Date "2017.11.26"]
[Round "2.6"]
[White "Lajthajm, Borko"]
[Black "Szabo, Balazs"]
[Result "1/2-1/2"]
[WhiteTitle "GM"]
[BlackTitle "FM"]
[WhiteElo "2465"]
[BlackElo "2254"]
[WhiteTeam "HUSI SC"]
[BlackTeam "MTK Budapest"]
[WhiteFideId "916358"]
[BlackFideId "727105"]
[EventDate "2017.11.25"]
[EventType "team-tourn"]

1. c4 b6 2. Nc3 Bb7 3. e4 e6 4. Nf3 c5 5. Be2 a6 6. O-O Qc7 7. b3 Nc6 8. d3 Nf6
9. h3 Be7 10. Bb2 O-O 11. Re1 d6 12. Bf1 Nd7 13. Ne2 Rad8 14. d4 cxd4 15. Nfxd4
Rfe8 16. Ng3 Bf8 17. Rc1 Nce5 18. f4 Ng6 19. f5 Nge5 20. fxe6 fxe6 21. Rc2 Nf6
22. Nf3 Qf7 23. Kh2 Nfd7 24. Rf2 Qg6 25. Qa1 Be7 26. Bd4 1/2-1/2

[Event "TCh-HUN 2017-18"]
[Site "Hungary HUN"]
[Date "2017.11.26"]
[Round "2.7"]
[White "Berta, Sandor"]
[Black "Drazic, Sinisa"]
[Result "0-1"]
[BlackTitle "GM"]
[WhiteElo "2122"]
[BlackElo "2453"]
[WhiteTeam "MTK Budapest"]
[BlackTeam "HUSI SC"]
[WhiteFideId "713775"]
[BlackFideId "901172"]
[EventDate "2017.11.25"]
[EventType "team-tourn"]

1. d4 Nf6 2. Bf4 d6 3. Nf3 Nbd7 4. e3 Nh5 5. Bg3 Ndf6 6. Nbd2 c6 7. Be2 Nxg3 8.
hxg3 h6 9. Bd3 Qc7 10. c3 g6 11. Qc2 Bg7 12. O-O-O Bg4 13. Rde1 Be6 14. Kb1 g5
15. e4 Ng4 16. Re2 a6 17. e5 dxe5 18. Nxe5 Nxe5 19. dxe5 O-O-O 20. Bf5 Bxf5 21.
Qxf5+ e6 22. Qe4 Qxe5 23. Qxe5 Bxe5 24. Rxe5 Rxd2 25. Rxg5 Rxf2 26. Rg7 Rd8 27.
Kc1 Rdd2 28. Rxf7 Rc2+ 29. Kd1 Rfd2+ 30. Ke1 Rxg2 31. Kf1 Rgd2 32. Ke1 Rxb2 33.
Rxh6 Kb8 34. Rhh7 Rg2 35. Kf1 Rxg3 0-1

[Event "TCh-HUN 2017-18"]
[Site "Hungary HUN"]
[Date "2017.11.26"]
[Round "2.8"]
[White "Borocz, Istvan1"]
[Black "Csonkics, Tunde"]
[Result "1-0"]
[WhiteTitle "IM"]
[BlackTitle "WGM"]
[WhiteElo "2362"]
[BlackElo "2179"]
[WhiteTeam "HUSI SC"]
[BlackTeam "MTK Budapest"]
[WhiteFideId "703036"]
[BlackFideId "700576"]
[EventDate "2017.11.25"]
[EventType "team-tourn"]

1. Nf3 d5 2. b3 Bg4 3. Bb2 c6 4. Ne5 Bh5 5. g4 Bg6 6. h4 Qd6 7. h5 Be4 8. Rh3 f6
9. d3 fxe5 10. dxe4 Nf6 11. exd5 cxd5 12. g5 Ne4 13. Bg2 Qe6 14. Nd2 Nxg5 15.
Rg3 h6 16. c4 e4 17. cxd5 Qd6 18. Qc2 Nd7 19. Nxe4 Nxe4 20. Bxe4 Nb6 21. Bg6+
Kd8 22. e4 Rc8 23. Qd2 Nd7 24. Bf5 Rc7 25. Rc1 Nb6 26. Rgc3 Rxc3 27. Qxc3 e6 28.
dxe6 Qh2 29. Rd1+ Bd6 30. e7+ 1-0

[Event "TCh-HUN 2017-18"]
[Site "Hungary HUN"]
[Date "2017.11.26"]
[Round "2.9"]
[White "Laza, Szabolcs"]
[Black "Dory, Jeno"]
[Result "1/2-1/2"]
[BlackTitle "IM"]
[WhiteElo "2173"]
[BlackElo "2228"]
[WhiteTeam "MTK Budapest"]
[BlackTeam "HUSI SC"]
[WhiteFideId "741345"]
[BlackFideId "700860"]
[EventDate "2017.11.25"]
[EventType "team-tourn"]

1. d4 Nf6 2. c4 e6 3. Nf3 b6 4. e3 Bb7 5. Be2 Be7 6. O-O O-O 7. b3 d5 8. Bb2
Nbd7 9. cxd5 exd5 10. Nc3 c5 11. Ne5 Nxe5 12. dxe5 Ne4 13. Nxe4 dxe4 14. Qxd8
Rfxd8 15. Rfd1 Kf8 16. Kf1 f6 17. Bc4 fxe5 18. Bxe5 Bf6 19. Bxf6 gxf6 20. Ke2
Ke7 21. Rxd8 Rxd8 22. Rd1 Rxd1 23. Kxd1 Bc6 24. Be2 b5 25. a3 a5 26. Kd2 Kd6 27.
Kc3 b4+ 28. axb4 axb4+ 29. Kd2 Bd5 30. Bd1 h6 31. Kc2 c4 32. bxc4 Bxc4 33. Bh5
f5 34. Bd1 Kc5 35. g3 Bb5 36. Kb2 1/2-1/2

[Event "TCh-HUN 2017-18"]
[Site "Hungary HUN"]
[Date "2017.11.26"]
[Round "2.10"]
[White "Erdelyi, Zombor"]
[Black "Roos, Jean-Luc"]
[Result "1/2-1/2"]
[BlackTitle "IM"]
[WhiteElo "2304"]
[BlackElo "2267"]
[WhiteTeam "HUSI SC"]
[BlackTeam "MTK Budapest"]
[WhiteFideId "720410"]
[BlackFideId "600601"]
[EventDate "2017.11.25"]
[EventType "team-tourn"]

1. e4 e6 2. d4 d5 3. Nc3 Bb4 4. e5 Ne7 5. Bd2 c5 6. Nb5 Bxd2+ 7. Qxd2 O-O 8.
dxc5 Nbc6 9. Nf3 b6 10. cxb6 Qxb6 11. Bd3 Bd7 12. Qe3 Rab8 13. Qxb6 Rxb6 14. a4
Nb4 15. Kd2 Nxd3 16. cxd3 a6 17. Nbd4 Rxb2+ 18. Ke3 f6 19. Rhb1 Rfb8 20. Rxb2
Rxb2 21. a5 Ng6 22. exf6 gxf6 23. Ne2 e5 24. d4 Bb5 25. Nc3 Bc4 26. Ra3 Kf7 27.
g3 h6 28. h4 Ke6 29. Ng1 Ne7 30. g4 exd4+ 31. Kxd4 Rxf2 32. Nce2 Kd6 33. Ke3 Rh2
34. h5 Bxe2 35. Ra2 Rg2 36. Nxe2 Rxg4 37. Rb2 Rc4 38. Nd4 Rc3+ 39. Kf4 Rc4 40.
Ke3 Ke5 41. Nf3+ Kf5 42. Rb6 Rc3+ 43. Ke2 Rc4 44. Rxa6 Ra4 45. Ke3 Ra3+ 46. Ke2
Kg4 47. Rxf6 Nf5 48. Ne5+ Kg5 49. Nd7 Re3+ 50. Kd2 Re7 51. Rg6+ Kxh5 52. Nf8 Ra7
53. a6 Ra8 54. Rf6 Kg5 55. Nh7+ Kf4 56. Rb6 Ke5 57. Nf6 Nd6 58. Ng4+ Ke6 59.
Nxh6 Kd7 60. Kd3 Kc7 61. Rb1 Rxa6 62. Ng4 Nf5 63. Rf1 Ra3+ 64. Kd2 Ng3 65. Rf8
Ne4+ 66. Ke2 Kc6 67. Nf6 Ng3+ 68. Kf2 d4 69. Rd8 Kc5 70. Nd7+ Kd5 71. Nf6+ Kc5
72. Nd7+ Kb4 73. Nf6 Kc4 74. Rc8+ Kb5 75. Rd8 Kc5 1/2-1/2

[Event "TCh-HUN 2017-18"]
[Site "Hungary HUN"]
[Date "2017.11.26"]
[Round "2.11"]
[White "Boros, Daniel"]
[Black "Biro, David"]
[Result "1/2-1/2"]
[WhiteElo "2272"]
[BlackElo "2222"]
[WhiteTeam "MTK Budapest"]
[BlackTeam "HUSI SC"]
[WhiteFideId "704091"]
[BlackFideId "717355"]
[EventDate "2017.11.25"]
[EventType "team-tourn"]

1. e4 d6 2. d4 g6 3. Nf3 Nf6 4. Nc3 Bg7 5. h3 O-O 6. Be3 c6 7. Qd2 b5 8. Bd3 Qc7
9. a3 a6 10. O-O Nbd7 11. Rfe1 Qd8 1/2-1/2

[Event "TCh-HUN 2017-18"]
[Site "Hungary HUN"]
[Date "2017.11.26"]
[Round "2.12"]
[White "Reskone dr., Timko Melinda"]
[Black "Honos, Attila"]
[Result "1/2-1/2"]
[BlackTitle "FM"]
[WhiteElo "2028"]
[BlackElo "2207"]
[WhiteTeam "HUSI SC"]
[BlackTeam "MTK Budapest"]
[WhiteFideId "720550"]
[BlackFideId "701459"]
[EventDate "2017.11.25"]
[EventType "team-tourn"]

1. Nf3 Nf6 2. b3 b5 3. d3 Bb7 4. Nbd2 g6 5. Bb2 Bg7 6. g3 O-O 7. Bg2 c5 8. O-O
d6 9. c4 bxc4 10. bxc4 Qa5 11. Qb3 Bc6 12. Bc3 Qa6 13. Rab1 Nbd7 14. Qb2 Nb6 15.
Ng5 Bxg2 16. Kxg2 Na4 17. Qa3 Qc6+ 18. Ngf3 Nxc3 19. Qxc3 Ne4 20. Qc2 Nc3 21.
Rb3 Nxe2 22. Ne4 Nd4 23. Nxd4 Bxd4 24. Kg1 Kg7 25. Rfb1 Rac8 26. Qd2 e6 27. Qa5
Rc7 28. Rb8 Rxb8 29. Rxb8 Rb7 30. Rxb7 Qxb7 31. Nxd6 Qb1+ 32. Kg2 Qxd3 33. Qc7
Bc3 34. Qxf7+ Kh6 35. Qf4+ Kg7 36. Qf7+ Kh6 37. Qf4+ Kg7 38. h4 Qd2 39. Qf7+ Kh6
40. Qxe6 Bd4 41. Ne4 Qe2 42. Qe7 Qxc4 43. g4 Qd5 44. Qf8+ Bg7 45. Qf4+ g5 46.
Qxg5+ Qxg5 47. Nxg5 c4 48. Kf3 Bf6 49. Ne4 Bxh4 50. Ke3 Kg6 51. Kd4 h5 52. gxh5+
Kxh5 53. f3 Kg6 54. Kxc4 Kf5 55. Kb5 Kf4 56. Ka6 Kxf3 57. Nd6 Bf2 58. Nb5 Ke4
59. Nxa7 Kd5 60. Nc8 Kc6 61. a4 Bc5 62. Na7+ Bxa7 63. Kxa7 Kc7 64. a5 Kc8 65.
Ka8 Kc7 66. Ka7 Kc8 67. Kb6 Kb8 68. a6 Ka8 69. Kc6 Ka7 70. Kb5 Kb8 71. Kb6 Ka8
72. a7 1/2-1/2

[Event "TCh-HUN 2017-18"]
[Site "Hungary HUN"]
[Date "2017.11.26"]
[Round "2.1"]
[White "Lupulescu, Constantin"]
[Black "Nagy, Gabor1"]
[Result "1/2-1/2"]
[WhiteTitle "GM"]
[BlackTitle "IM"]
[WhiteElo "2631"]
[BlackElo "2472"]
[WhiteTeam "ASE Paks"]
[BlackTeam "Aquarena Kobanya SC"]
[WhiteFideId "1207822"]
[BlackFideId "737119"]
[EventDate "2017.11.25"]
[EventType "team-tourn"]

1. Nf3 c5 2. e4 d6 3. Bb5+ Bd7 4. Bxd7+ Qxd7 5. c4 Nc6 6. Nc3 g6 7. d4 cxd4 8.
Nxd4 Bg7 9. Be3 Nf6 10. f3 O-O 11. O-O Rfc8 12. b3 a6 13. Nxc6 Rxc6 14. a4 e6
15. Bd4 Rd8 16. Rc1 Qc7 17. Kh1 Qa5 18. Rf2 Nd7 19. Bxg7 Kxg7 20. Rb2 Qg5 21. h3
Nc5 1/2-1/2